000 00760nam a22002417a 4500
003 UA-OsUOA
001 115357
007 ta
008 20151218b un ||||| |||| 00| 0 ukr d
100 _aКарр Н. Д.
090 _a004:330
_bК26
942 _cBK
040 _aUA-OsUOA
_brus
_cUA-OsUOA
_dUA-OsUOA
245 _aБлеск и нищета информационных технологий: Почему ИТ не являются конкурентным преимуществом
300 _a176 с.
955 _a1
041 _arus
080 _a004:330
020 _a5-98888-009-6
260 _aМ.
_bСекрет фирмы
_c2005
650 7 _a00 Загальні питання науки і культури
_2UDC
999 _c401496
_d401496